Suma de terapeútica obstétrica / (Record no. 35119)

MARC details
000 -LEADER
campo de control de longitud fija 00853nam a2200205 i 4500
001 - NÚMERO DE CONTROL
campo de control 35119
003 - IDENTIFICADOR DE NÚMERO DE CONTROL
campo de control ES-MaACL
005 - FECHA Y HORA DE LA ÚLTIMA TRANSACCIÓN
campo de control 20251127165446.0
007 - CAMPO FIJO DE DESCRIPCIÓN FÍSICA--INFORMACIÓN GENERAL
campo de control de longitud fija t|
008 - DATOS DE LONGITUD FIJA--INFORMACIÓN GENERAL
campo de control de longitud fija 030212s1949 sp ||||1| spa d
100 1# - ENTRADA PRINCIPAL--NOMBRE DE PERSONA
Nombre de persona Botella Llusiá, José,
Fechas asociadas al nombre 1912-2002
9 (RLIN) 30758
245 10 - MENCIÓN DEL TÍTULO
Título Suma de terapeútica obstétrica /
Mención de responsabilidad, etc. bajo al dirección del profesor J. Botella Llusía, por los doctores J. M. Bedoya González, C. Botella Llusía ; prólogo del profesor B. Lorenzo Velázquez.
260 ## - PUBLICACIÓN, DISTRIBUCIÓN, ETC.
Lugar de publicación, distribución, etc. Madrid :
Nombre del editor, distribuidor, etc. [s.n.],
Fecha de publicación, distribución, etc. 1949 (
Fabricante Estades)
300 ## - DESCRIPCIÓN FÍSICA
Extensión 439 p. :
Otras características físicas il. ;
Dimensiones 26 cm.
594 ## - Nota al título y mención de responsabilidad
Nota al título y mención de responsabilidad Precede al tít.: Facultad de Medicina de Madrid. IIª cátedra de Obstetricia y Ginecología.
650 #7 - PUNTO DE ACCESO ADICIONAL DE MATERIA--TÉRMINO DE MATERIA
Término de materia o nombre geográfico como elemento de entrada Obstetricia
Fuente del encabezamiento o término embne
9 (RLIN) 15676
700 1# - ENTRADA AGREGADA--NOMBRE PERSONAL
Nombre de persona Lorenzo-Velázquez, B.,
Fechas asociadas al nombre 1901-1985
9 (RLIN) 74198
852 ## - LOCALIZACIÓN
Ubicación ES-MaACL
Número de control de estantería D-6878
Sublocalización o colección R.31507
Holdings
Estatus retirado Estado de pérdida Estado de daño No para préstamo Biblioteca de origen Biblioteca actual Ubicación en estantería Fecha de adquisición Fuente de adquisición Total de préstamos Signatura topográfica completa Código de barras Visto por última vez Precio de reemplazo Tipo de ítem Koha
        Biblioteca del Ateneo de Madrid Biblioteca del Ateneo de Madrid Sala Valle Inclán 17/01/2008     D-6878 901036724 23/02/2023 23/02/2023 Libro impreso